000 00652cam a22002412u 4500
001 LIBRI-014681
003 AR-CrUNPB
007 ta
008 170901s1968 mx r 000 0 spa d
040 _aAR-CrUNPB
082 0 _a543/W.19
_220
100 1 _aWillard, Hobart H
700 1 _aMerritt, Lynne L
700 1 _aDean, John A
245 1 0 _aMetodos instrumentales de analisis /
_cHobart H Willard
255 _a/W.19
260 _aMéxico, D.F. :
_bCompañia Editorial Continental,
_c1968
300 _a964 p
590 _aRegistros migrados a formato MARC
650 7 _aANALISIS QUIMICO
_2Unescot
_91444
942 _cBK
910 _ams010831
999 _c66053
_d66053